Algebra (Record no. 181757)
[ view plain ]
| 000 -LEADER | |
|---|---|
| fixed length control field | 00709 a2200193 4500 |
| 003 - CONTROL NUMBER IDENTIFIER | |
| control field | Nust |
| 005 - DATE AND TIME OF LATEST TRANSACTION | |
| control field | 20221110090739.0 |
| 020 ## - INTERNATIONAL STANDARD BOOK NUMBER | |
| International Standard Book Number | 0395266386 |
| 040 ## - CATALOGING SOURCE | |
| Transcribing agency | Nust |
| 082 ## - DEWEY DECIMAL CLASSIFICATION NUMBER | |
| Classification number | 512.1,DOL |
| 100 ## - MAIN ENTRY--PERSONAL NAME | |
| Personal name | Dolciani, Mary P. |
| 245 ## - TITLE STATEMENT | |
| Title | Algebra |
| Remainder of title | structure and method book 1 / |
| Statement of responsibility, etc. | Mary P. Dolciani |
| 250 ## - EDITION STATEMENT | |
| Edition statement | teacher's edition |
| 260 ## - PUBLICATION, DISTRIBUTION, ETC. | |
| Place of publication, distribution, etc. | Atlanta |
| Name of publisher, distributor, etc. | Houghton co |
| Date of publication, distribution, etc. | 1979 |
| 300 ## - PHYSICAL DESCRIPTION | |
| Extent | 500 :P |
| 505 ## - FORMATTED CONTENTS NOTE | |
| Formatted contents note | Introduction (Page-T1), Alternate Chapter Tests (Page-T15), Guide To Individualized Assignments (Page-T23), Tables Of Related References (Page-T37), Detailed Comments Ion The Text With Chalkboard Example Ad Suggested Extensions (Page-T39). |
| 650 ## - SUBJECT ADDED ENTRY--TOPICAL TERM | |
| Topical term or geographic name entry element | Algebra |
| 9 (RLIN) | 8509 |
| 942 ## - ADDED ENTRY ELEMENTS (KOHA) | |
| Source of classification or shelving scheme | |
| Koha item type | Book |
| Call number prefix | 512.1,DOL |
| Withdrawn status | Lost status | Source of classification or shelving scheme | Damaged status | Not for loan | Permanent Location | Current Location | Shelving location | Date acquired | Full call number | Barcode | Date last seen | Price effective from | Koha item type | Public note |
|---|---|---|---|---|---|---|---|---|---|---|---|---|---|---|
| Military College of Signals (MCS) | Military College of Signals (MCS) | General Stacks | 12/12/2016 | 512.1,DOL | MCS7633 | 12/08/2016 | 12/12/2016 | Book | AAlmirah No.10, Shelf No.6 | |||||
| Military College of Signals (MCS) | Military College of Signals (MCS) | General Stacks | 12/12/2016 | 512.1,DOL | MCS7676 | 12/08/2016 | 12/12/2016 | Book | Almirah No.82, Shelf No.2 |
